Statistics for Phoenix Sky Harbor Airport (PHX) Destinations

Click here to take the quiz!

General Stats

  • This quiz has been taken 489 times
    (330 since last reset)
  • The average score is 75 of 126

Answer Stats

HintAnswer% Correct
Alaska Air, America, Delta, Delta Connection, Frontier, SouthwestSeattle
93%
American, American Eagle, Delta, Delta Connection, Southwest, United, United ExpressLos Angeles
92%
Alaska Air, American, Frontier, Southwest, Sun CountryPortland (OR)
91%
American, Spirit AirDallas/Fort Worth
90%
SouthwestDallas-Love
90%
American, Frontier, JSX, Southwest, Sun CountryLas Vegas
90%
Alaska Air, American, Frontier, Southwest, United, United ExpressSan Francisco
89%
American, Delta, Frontier, SouthwestAtlanta
88%
American, Frontier, Southwest, Spirit Air, United, United ExpressDenver
88%
SouthwestHouston-Hobby
88%
American, United, United ExpressHouston-Intercontinental
88%
AmericanMiami
88%
American, Delta, JetBlueNew York-JFK
88%
SouthwestNew York-Laguardia
88%
American, Frontier, SouthwestSan Diego
88%
American, Frontier, SouthwestOrlando
87%
American, JetBlueBoston
85%
AmericanMexico City
85%
Air Canada Express, Air Canada Rouge, American, WestJetVancouver
85%
American, American Eagle, Frontier, SouthwestAustin
84%
SouthwestChicago-Midway
84%
American, Frontier, Spirit Air, UnitedChicago-O'hare
84%
American, Delta, Delta Connection, Frontier, SouthwestSalt Lake City
84%
American, Hawaiian AirlinesHonolulu
83%
British AirwaysLondon-Heathrow
82%
Air Canada Rouge, WestJetToronto-Pearson
82%
American AirlinesSan Jose del Cabo
81%
AmericanTampa
81%
American, Delta, Southwest, Spirit Air, Sun CountryMinneapolis/St. Paul
80%
Air Canada RougeMontreal-Trudeau
80%
UnitedWashington-Dulles
80%
AmericanWashington-National
80%
American, Delta, Frontier, SouthwestDetroit
79%
SouthwestNew Orleans
79%
American Eagle, Frontier, SouthwestSan Antonio
79%
American, American Eagle, SouthwestSan Jose (CA)
79%
AmericanSan Jose de Costa Rica
79%
American, SouthwestSacramento
77%
AmericanOklahoma City
76%
Alaska Air, AmericanAnchorage
75%
Air Canada Rouge, WestJetCalgary
75%
AmericanCancun
75%
American Eagle, SouthwestEl Paso
75%
American, SouthwestKansas City
75%
Frontier, Southwest, UnitedNewark
75%
American, American Eagle, JSX, SouthwestOakland
75%
American, SouthwestPhiladelphia
75%
American, SouthwestReno/Tahoe
75%
American, Frontier, SouthwestSt. Louis
75%
American, American Eagle, SouthwestAlbuquerque
74%
Frontier, SouthwestNashville
74%
Frontier, SouthwestCleveland
73%
American, SouthwestColumbus (OH)
73%
American, SouthwestIndianapolis
73%
American, American Eagle, SouthwestBoise
72%
AmericanCharlotte
72%
American, SouthwestBaltimore
71%
FrontierColorado Springs
71%
American EagleTucson
71%
American, Frontier, SouthwestMilwaukee
70%
American, SouthwestPittsburgh
70%
SouthwestRaleigh/Durham
68%
SouthwestTulsa
68%
American EagleMemphis
66%
American, JetBlue, SouthwestFort Lauderdale
65%
Frontier, SouthwestCincinnati
64%
American Eagle, WestJetEdmonton
64%
American, American Eagle, VolarisGuadalajara
64%
American, SouthwestOmaha
64%
American, SouthwestSpokane
61%
American EagleFresno
60%
American EagleSanta Fe
60%
SouthwestLouisville
57%
American, SouthwestOrange County
57%
American, American Eagle, Frontier, SouthwestDes Moines
56%
SouthwestWichita
54%
American EagleEugene
53%
American EagleFlagstaff
52%
SouthwestLittle Rock
52%
American EagleBakersfield
51%
FrontierMadison
51%
American, SouthwestOntario
51%
WestJetWinnipeg
51%
American EagleAmarillo
50%
SouthwestBuffalo
49%
AmericanLong Beach
49%
American, FrontierGrand Rapids
48%
American Eagle, JSX, SouthwestBurbank
47%
American EagleLubbock
47%
American EagleAspen
46%
AmericanKailua-Kona
42%
American EagleSioux Falls
42%
FrontierFargo
40%
AmericanPuerto Vallarta
40%
American EagleYuma
40%
American EaglePalm Springs
39%
American EagleMidland/Odessa
37%
American EagleEagle/Vail
36%
AmericanJackson Hole
36%
AmericanKahului
36%
American EagleSanta Barbara
36%
American EagleSt. George (UT)
35%
AmericanLihue
33%
American EagleDurango (CO)
32%
American EagleGrand Junction
32%
American EagleRedmond/Bend
32%
American EagleMonterey
29%
WestJetRegina
29%
WestJetSaskatoon
29%
American EagleMedford
25%
American EagleSanta Rosa
24%
WestJetKelowna
21%
American, American EagleMazatlan
21%
American EagleMontrose
21%
Contour AirlinesPage
21%
Great Lakes AirlinesPrescott
21%
American Eagle, VolarisHermosillo
18%
American EagleRoswell
18%
American EagleSan Luis Obispo
18%
AmericanIxtapa/Zihuatanejo
15%
American EagleManzanillo
13%
VolarisCuliacan
12%
Alaska AirEverett
12%
Boutique AirShow Low
12%
Boutique AirCortez
9%
Boutique AirSilver City
7%

Score Distribution

Percentile by Number Answered

Percent of People with Each Score

Your Score History

You have not taken this quiz since the last reset